| 000 | 00630nam a22002177a 4500 | ||
|---|---|---|---|
| 003 | dpl | ||
| 005 | 20240312150329.0 | ||
| 008 | 240305b |||||||| |||| 00| 0 eng d | ||
| 010 | _aENG-139672 | ||
| 020 |
_a9789387306035 _c950.00 |
||
| 035 | _aEN-123204 | ||
| 037 | _bDBAD/PUB | ||
| 040 | _c. | ||
| 082 | _a200 | ||
| 100 |
_aChaubey Devbrat _eAuthor _963158 |
||
| 245 |
_aThe Sacred Book Of Indian Religions/Sonarpura _cBy Devbrat Chaubey |
||
| 260 |
_aSonarpura _bPrachya Vidya Bhawan _c2018 |
||
| 270 |
_aB5/25 Oudhgarvi _bVaranasi _e221001 |
||
| 300 |
_a276p; _c22cm(hb) |
||
| 942 |
_2ddc _cEN _h200 _mCHA |
||
| 999 |
_c201424 _d201424 |
||